000 01143nmc a2200349 a 4500
003 AR-BaBNM
005 20251128211706.0
008 105020s2002 ||||||||||||||000 | spa||
020 _a987-503-308-1
040 _cAR-BaBNM
100 1 _aAzpiazu, Daniel
245 1 0 _aEl proceso de privatización en la Argentina
_bla renegociación con las empresas privatizadas, revisión contractual y supresión de privilegios y de rentas extraordinarias
260 _aBuenos Aires
_bPágina 12
_bUniversidad Nacional de Quilmes
_c2002
300 0 _a96 p.
490 0 _aColección papeles de investigación
650 4 _aREFORMA DEL ESTADO
650 4 _aINVERSIONES EXTRANJERAS
650 4 _aPOLITICA ECONOMICA
653 _aPRIVATIZACIONES
653 _aREGULACIONES COMERCIALES
653 _aGOLPE DE ESTADO 1976
700 1 _aBasualdo, Eduardo
700 1 _aAbeles, Martín
700 1 _aArza, Camila
700 1 _aForcinito, Karina
700 1 _aPesce, Julieta
700 1 _aSchorr, Martín
710 2 _aFacultad Latinoamericana de Ciencias Sociales
_9FLACSO
800 1 _aGreco, Mario
942 _cBK
998 _cmariana
999 _c20734
_d20734